00562 2200193 4500001002100000005001500021035002000036007000300056008004100059020002200100082001000122084001600132100002200148245007300170260004000243300004600283650002900329600001000358INLIS00000000000040020221031013430 a0010-1022000142ta221031 a 1 ind  a978-602-252-989-7 a028.5 a028.5 ELV m0 aElvina Lim Kusumo1 aMy Little Scientist :bBagaimana Bentuk Bulan? /cElvina Lim Kusumo aJakarta :bErlangga For Kids,c2018 a32 halaman :bilustrasi berwarna ;c20 cm 4aPendidikan Karakter Anak 4aSains